Statistics for Hokkaido Placenames in English

Click here to take the quiz!

General Stats

  • This quiz has been taken 67 times
  • The average score is 8 of 12

Answer Stats

JapaneseEnglish% Correct
札幌Sapporo
96%
函館Hakodate
78%
旭川Asahikawa
73%
帯広Obihiro
71%
北見Kitami
69%
稚内Wakkanai
64%
根室Nemuro
60%
釧路Kushiro
58%
小樽Otaru
56%
苫小牧Tomakomai
47%
紋別Monbetsu
45%
厚岸Akkeshi
33%

Score Distribution

Percentile by Number Answered

Percent of People with Each Score

Your Score History

You have not taken this quiz